000 00974nas a2200277 4500
001 BR9210534
003 BR-BrBNA
005 20231205093405.0
007 ta
008 230509b bl.|||p| |||| 00| 00por d
040 _aBR-BrBNA
_bpor
_cBiblioteca Nacional de Agricultura
041 _a(En)
072 _aH20
100 1 _aRobbs, C.F.
100 1 _aRodrigues Neto, J.
100 1 _aMalavolta Junior, V.A.
100 1 _aKimura, O.
245 1 _aBacterial spot and blight of yellow-shrimp (Pachystachys lutea)caused by a new pathovar of Xanthomonas campestris
246 1 _aBacterial spot and blight of yellow-shrimp (Pachystachys lutea)caused by a new pathovar of Xanthomonas campestris
650 _aPLANTA ORNAMENTAL
650 _aMANCHA BACTERIANA
650 _aCRESTAMENTO
773 0 _tSumma Phytopathologica (Brazil)
_xISSN 0100-5405
_g(Apr-Jun 1989), v. 15(2) p. 174-179
_wBR9210534
909 _a202311
_bLúcia
_c55
_dLúcia Elande
942 _2AGRIS
_n0
_cANA
999 _c138015
_d138015